000 00685nam a2200193 a 4500
005 20260410164552.0
008 140123b2004 ck ||||| |||| 00| 0 spa d
040 _aCO-BoIAVH
_cCO-BoIAVH
041 _aspa
044 _ack
090 _aIAVH
_b00372
100 _aRincones, Raúl Ernesto
_94908
245 _aPrograma de capacitación en el cultivo de algas marinas "Jimoula" a las comunidades del Cabo de la Vela, Península de la Guajira
_binforme final
260 _aGuajira
_bFAO
_bInstituto Alexander von Humboldt
_bCorporación Autónoma Regional de la Guajira
_c2004
300 _a152 p.
700 _aGallo, Helena María
_94909
942 _cINFORME
_2z
945 _d2005-07-07
999 _c4643
_d4643